Libro de información, 1923 : (Record no. 42415)

MARC details
000 -LEADER
campo de control de longitud fija 01169nam a2200253 i 4500
001 - NÚMERO DE CONTROL
campo de control 42415
003 - IDENTIFICADOR DE NÚMERO DE CONTROL
campo de control ES-MaACL
005 - FECHA Y HORA DE LA ÚLTIMA TRANSACCIÓN
campo de control 20230906160615.0
007 - CAMPO FIJO DE DESCRIPCIÓN FÍSICA--INFORMACIÓN GENERAL
campo de control de longitud fija t|
008 - DATOS DE LONGITUD FIJA--INFORMACIÓN GENERAL
campo de control de longitud fija 030320s1923 sp ao |||| | spa d
110 2# - ENTRADA PRINCIPAL--NOMBRE DE ENTIDAD CORPORATIVA
Nombre de entidad corporativa o nombre de jurisdicción como elemento de entrada Compañía Trasatlántica Española.
9 (RLIN) 3125
245 10 - MENCIÓN DEL TÍTULO
Título Libro de información, 1923 :
Resto del título tarifas e itinerarios . Bosquejo histórico de la Marina española [por Francisco Condeminas Mascaró] . Relación de industrias españolas.
246 3# - FORMA VARIANTE DEL TITULO
Título propio/Titulo breve Bosquejo histórico de la Marina Española
246 3# - FORMA VARIANTE DEL TITULO
Título propio/Titulo breve Relación de industrias españolas
260 ## - PUBLICACIÓN, DISTRIBUCIÓN, ETC.
Lugar de publicación, distribución, etc. Barcelona :
Nombre del editor, distribuidor, etc. [Apolo],
Fecha de publicación, distribución, etc. 1923.
300 ## - DESCRIPCIÓN FÍSICA
Extensión 226, CL p. :
Otras características físicas il., fot. ;
Dimensiones 18 x 25 cm.
594 ## - Nota al título y mención de responsabilidad
Nota al título y mención de responsabilidad Precede al tít.: Compañía Trasatlántica (antes A. López y C.ª)
597 ## - NOTA DE DESCRIPCIÓN FÍSICA
NOTA DE DESCRIPCIÓN FÍSICA La obra de F. Condeminas con port. y paginación propia.
597 ## - NOTA DE DESCRIPCIÓN FÍSICA
NOTA DE DESCRIPCIÓN FÍSICA La "Relación de industrias españolas" contiene numerosos anuncios il. a color, acompañados de un Índice general de industria y comercio.
650 #4 - PUNTO DE ACCESO ADICIONAL DE MATERIA--TÉRMINO DE MATERIA
Término de materia o nombre geográfico como elemento de entrada Transportes marítimos-
Subdivisión geográfica España.
9 (RLIN) 141606
651 #4 - PUNTO DE ACCESO ADICIONAL DE MATERIA--NOMBRE GEOGRÁFICO
Nombre geográfico España-
Subdivisión general Historia naval.
9 (RLIN) 8375
700 1# - ENTRADA AGREGADA--NOMBRE PERSONAL
Nombre de persona Condeminas, Francisco.
9 (RLIN) 40137
852 ## - LOCALIZACIÓN
Ubicación ES-MaACL
Número de control de estantería F-6936
Nota libre - Enc. cart.
Holdings
Estatus retirado Estado de pérdida Estado de daño No para préstamo Biblioteca de origen Biblioteca actual Ubicación en estantería Fecha de adquisición Fuente de adquisición Total de préstamos Signatura topográfica completa Código de barras Visto por última vez Precio de reemplazo Tipo de ítem Koha
        Biblioteca del Ateneo de Madrid Biblioteca del Ateneo de Madrid Depósito 2 17/01/2008     F-6936 1044633 23/02/2023 23/02/2023 Libro impreso